A History Of British Constitution (Record no. 1390470)

MARC details
000 -LEADER
fixed length control field 00676nam a2200253Ia 4500
008 - FIXED-LENGTH DATA ELEMENTS--GENERAL INFORMATION
fixed length control field 160620s9999||||xx |||||||||||||| ||und||
040 ## - CATALOGING SOURCE
Transcribing agency English
082 ## - DEWEY DECIMAL CLASSIFICATION NUMBER
Classification number XI.A/Masterman
082 ## - DEWEY DECIMAL CLASSIFICATION NUMBER
Item number BORI-53716
100 ## - MAIN ENTRY--PERSONAL NAME
Personal name J. Howard B. Masterman
245 #2 - TITLE STATEMENT
Title A History Of British Constitution
300 ## - PHYSICAL DESCRIPTION
Extent XV+292
300 ## - PHYSICAL DESCRIPTION
Dimensions A
300 ## - PHYSICAL DESCRIPTION
Accompanying material Hardbound
530 ## - ADDITIONAL PHYSICAL FORM AVAILABLE NOTE
Uniform Resource Identifier <a href="00053716.pdf">00053716.pdf</a>
563 ## - BINDING INFORMATION
Binding note Study
600 ## - SUBJECT ADDED ENTRY--PERSONAL NAME
Personal name J. Howard B. Masterman
630 ## - SUBJECT ADDED ENTRY--UNIFORM TITLE
Uniform title A History Of British Constitution
650 ## - SUBJECT ADDED ENTRY--TOPICAL TERM
Topical term or geographic name as entry element General Indology
650 ## - SUBJECT ADDED ENTRY--TOPICAL TERM
Topical term or geographic name as entry element History and Historiography
700 ## - ADDED ENTRY--PERSONAL NAME
Personal name J. Howard B. Masterman
730 ## - ADDED ENTRY--UNIFORM TITLE
Uniform title A History Of British Constitution
942 ## - ADDED ENTRY ELEMENTS (KOHA)
Koha item type Book

No items available.